| 000 | 01609nam a2200313Ia 4500 | ||
|---|---|---|---|
| 999 |
_c49387 _d49387 |
||
| 001 | 16306 | ||
| 003 | GE_BSU | ||
| 005 | 20210715174406.0 | ||
| 008 | 181216s2004||||ge |||||||||||||| ||geo|| | ||
| 020 | _aISBN 99928-32-91-6 | ||
| 040 | _cGE_BSU | ||
| 041 | _ageo | ||
| 080 | _a343.61 ფ-32 | ||
| 100 |
_aფაფიაშვილი, შოთა _93829 |
||
| 245 |
_aმკვლელობისა და გაუპატიურების გამოძიებისა და გახსნის მეთოდიკის პრობლემები : _bთეორია და პრაქტიკა / _cშოთა ფაფიაშვილი ; რედ. : ვ. ბენიძე, მ. ჩიკვილაძე ; მხატვ. გ. ჩიქვინიძე. |
||
| 264 |
_aთბილისი : _bმერიდიანი, _c2004. |
||
| 300 |
_a419 გვ. ; _c20 სმ |
||
| 504 | _a ბიბლიოგრაფია ტექსტის შენიშვნებში | ||
| 541 | _h10ლ. | ||
| 546 | _aრეზიუმე რუსულ და ინგლისურ ენებზე | ||
| 653 | _aმკვლელობა | ||
| 653 | _aგაუპატიურება | ||
| 653 | _aგამოძიება | ||
| 653 | _aსამართალი | ||
| 700 |
_aბენიძე, ვ. _eრედაქტორი _912274 |
||
| 700 |
_aჩიკვილაძე, მ. _eრედაქტორი _912275 |
||
| 700 |
_aჩიქვინიძე, გ. _eმხატვარი _912276 |
||
| 942 |
_cBK _2udc |
||